تخطي إلى المحتوى

Сетевое взаимодействие УрГПУ с дошкольными организациями в развитии системы работы по повышению квалификации Ч. 1 Сетевое взаимодействие УрГПУ с дошкольными организациями в развитии системы работы по повышению квалификации

В данном сборнике научных статей представлены научные наработки сотрудников УрГПУ, педагогов, работающих в сфере дошкольного образования, а также студентов педагогического университета, которые позволяют построить сетевое взаимодействие в системе повышения квалификации по направлениям: информационно...

وصف كامل

محفوظ في:
التفاصيل البيبلوغرافية
التنسيق: Книга
اللغة:Russian
منشور في: Екатеринбург УрГПУ 2016
الوصول للمادة أونلاين:https://e.lanbook.com/book/158965
https://e.lanbook.com/img/cover/book/158965.jpg
الوسوم: إضافة وسم
لا توجد وسوم, كن أول من يضع وسما على هذه التسجيلة!
LEADER 02221nam0a2200253 i 4500
001 158965
003 RuSpLAN
005 20221220174109.0
008 221220s2016 ru gs 000 0 rus
020 |a 978-5-7186-0764-2 
040 |a RuSpLAN 
041 0 |a rus 
044 |a ru 
080 |a 373.211.24:37.018.46:378.637(470.5) 
084 |a Ч448.947.8+4410.4  |2 rubbk 
245 1 |a Сетевое взаимодействие УрГПУ с дошкольными организациями в развитии системы работы по повышению квалификации  |n Ч. 1  |p Сетевое взаимодействие УрГПУ с дошкольными организациями в развитии системы работы по повышению квалификации 
260 |a Екатеринбург  |b УрГПУ  |c 2016 
300 |a 193 с. 
504 |a Библиогр.: доступна в карточке книги, на сайте ЭБС Лань 
520 8 |a В данном сборнике научных статей представлены научные наработки сотрудников УрГПУ, педагогов, работающих в сфере дошкольного образования, а также студентов педагогического университета, которые позволяют построить сетевое взаимодействие в системе повышения квалификации по направлениям: информационно-консультационная работа, экспертно-аналитическая работа, учебно-проектная работа и научно-методическая работа. Издание рассчитано на педагогов ДОО, преподавателей, а также студентов педагогических учреждений 
521 8 |a Книга из коллекции УрГПУ - Психология. Педагогика 
856 4 |u https://e.lanbook.com/book/158965 
856 4 8 |u https://e.lanbook.com/img/cover/book/158965.jpg 
953 |a https://e.lanbook.com/img/cover/book/158965.jpg